[Event "Shenzhen Evening Rapid"]
[Site "chess.com INT"]
[Date "2021.04.30"]
[Round "5.2"]
[White "Wei Yi"]
[Black "Yu Yangyi"]
[Result "0-1"]
[WhiteElo "2732"]
[BlackElo "2709"]

1.d4 Nf6 2.c4 e6 3.g3 d5 4.Bg2 Be7 5.Nf3 O-O 6.O-O c6 7.Qb3 a5 8.Bf4 dxc4
9.Qxc4 Nd5 10.Nc3 Nxf4 11.gxf4 Nd7 12.e3 Nb6 13.Qe2 Nd5 14.Ne4 a4 15.Kh1 a3
16.b3 b6 17.Rg1 Ba6 18.Qd1 Bb5 19.Bh3 Ra7 20.Ne5 f5 21.Qf3 Bf6 22.Ng5 Qe8
23.e4 fxe4 24.Nxe4 Qe7 25.Qg4 Kh8 26.Ng5 Bxg5 27.fxg5 Nf4 28.Rae1 c5 29.Re4 Qb7
30.f3 Nd3 31.Ng6+ hxg6 32.Qh4+ Kg8 33.Bxe6+ Rf7 34.d5 Ra8 35.Rgg4 Re8 36.Qg3 Rxe6
37.dxe6 Re7 38.Kg2 Bc6 39.Qd6 c4 40.Rh4 Nc5 41.Re3 cxb3 42.axb3 a2 43.Qd4 Nxe6
44.Qc3 Qa8 45.Re1 Bxf3+ 46.Kf2 Rf7 47.Ke3 Bh5  0-1

[Event "Shenzhen Evening Rapid"]
[Site "chess.com INT"]
[Date "2021.04.30"]
[Round "6.1"]
[White "Duda,J"]
[Black "Wei Yi"]
[Result "1-0"]
[WhiteElo "2729"]
[BlackElo "2732"]

1.c4 g6 2.Nf3 Bg7 3.e4 e5 4.d4 exd4 5.Nxd4 Nf6 6.Nc3 O-O 7.Be2 Re8 8.f3 c6
9.Bg5 Qb6 10.Nb3 d5 11.cxd5 a5 12.Qd4 Nxd5 13.Nxd5 Qxd4 14.Nxd4 cxd5 15.Nb5 Na6
16.exd5 Bd7 17.Nd6 Re5 18.Bf4 Rxd5 19.Bc4 Rd4 20.Bg3 Nc5 21.O-O Be6 22.Bxe6 Nxe6
23.Rad1 a4 24.Rxd4 Bxd4+ 25.Bf2 Bxb2 26.Nxb7 Rc8 27.Be3 Ba3 28.Rd1 Rc3 29.Kf2 Kg7
30.Ke2 Be7 31.Rd7 Kf8 32.Nd6 Bxd6 33.Rxd6 Ke7 34.Rd3 Rc2+ 35.Rd2 Rc3 36.Rb2 h5
37.Kd2 Rc6 38.Rb4 Ra6 39.Kc3 Kd6 40.Rb7 Rc6+ 41.Kd3 f5 42.Ra7 f4 43.Bd2 Nc5+
44.Ke2 g5 45.h4 gxh4 46.Bxf4+ Kd5 47.Rh7 Re6+ 48.Kd2 Kc4 49.Rxh5 Rg6 50.Rg5 Rc6
51.Rg4 Kb5 52.Rxh4 a3 53.Rh6 Rc8 54.Be3 Na6 55.Rb6+ Ka5 56.Rb7 Nb4 57.Ra7+ Kb5
58.g4 Rc2+ 59.Kd1 Rxa2 60.Bc1 Nd3 61.Rxa3 Nxc1 62.Re3 Ra1 63.Kc2 Kc4 64.Kb2 Ra2+
65.Kxc1 Kd4 66.Rb3 Kc4 67.Rb8 Rg2 68.Kd1 Kd4 69.Ke1 Ke3 70.Kf1 Ra2 71.Rf8 Rb2
72.Rf6 Ra2 73.Rf5 Rb2 74.g5 Ra2 75.g6 Ra6 76.g7 Rg6 77.Rf7 Rg3 78.f4 Kf3
79.f5 Rg2 80.Rb7  1-0

[Event "Shenzhen Evening Blitz"]
[Site "chess.com INT"]
[Date "2021.05.01"]
[Round "1.2"]
[White "Wei Yi"]
[Black "Rapport,R"]
[Result "1-0"]
[WhiteElo "2732"]
[BlackElo "2763"]

1.e4 e5 2.Nf3 Nc6 3.Bb5 Nf6 4.O-O Nxe4 5.d4 Nd6 6.Bxc6 dxc6 7.dxe5 Nf5 8.Qxd8+ Kxd8
9.h3 Bd7 10.Rd1 Kc8 11.a4 h6 12.g4 Ne7 13.Ra3 b6 14.Rad3 Be6 15.Nd4 Bc4 16.R3d2 c5
17.Na3 cxd4 18.Nxc4 Nc6 19.c3 dxc3 20.bxc3 a6 21.Rd5 Be7 22.Be3 Rb8 23.f4 b5
24.axb5 axb5 25.Nd2 b4 26.c4 b3 27.Rb5 b2 28.Rb1 Ba3 29.Rxb8+ Kxb8 30.c5 Na5
31.Bd4 Kc8 32.Bxb2 Bxc5+ 33.Kg2 Be3 34.Bc3 Nc6 35.Kf3 Bxd2 36.Bxd2 h5 37.Ke4 hxg4
38.hxg4 Rh4 39.Rg1 Kd7 40.f5 g6 41.e6+ Ke8 42.fxg6 fxg6 43.Bf4 Nd8 44.Ke5 Rh3
45.Rf1 Rb3 46.Rh1 Nxe6 47.Kxe6 Rb6+ 48.Ke5 c5 49.Rh8+ Kd7 50.Kd5 Rb4 51.Rh7+ Ke8
52.Bd6 Rxg4 53.Ke6 Re4+ 54.Be5  1-0

[Event "Shenzhen Evening Blitz"]
[Site "chess.com INT"]
[Date "2021.05.01"]
[Round "2.2"]
[White "Yu Yangyi"]
[Black "Wei Yi"]
[Result "1/2-1/2"]
[WhiteElo "2709"]
[BlackElo "2732"]

1.d4 Nf6 2.c4 e6 3.Nc3 Bb4 4.Nf3 O-O 5.Qc2 d5 6.a3 Bxc3+ 7.Qxc3 b6 8.Bg5 dxc4
9.Qxc4 Ba6 10.Qa4 h6 11.Bh4 c5 12.dxc5 bxc5 13.Rc1 Qb6 14.Bxf6 gxf6 15.Rc2 c4
16.e3 Bb5 17.Qb4 Rc8 18.Be2 Na6 19.Qc3 Ba4 20.Rc1 Rab8 21.O-O Qxb2 22.Qxb2 Rxb2
23.Bxc4 Nc5 24.Nd4 Ne4 25.f3 Nd6 26.Bd3 Rxc1 27.Rxc1 Ra2 28.Rc3 f5 29.h4 a5
30.Bf1 Ra1 31.Kf2 Ra2+ 32.Kg1 Ra1 33.Kf2 Ra2+ 34.Kg1  1/2-1/2

[Event "Shenzhen Evening Blitz"]
[Site "chess.com INT"]
[Date "2021.05.01"]
[Round "3.1"]
[White "Wei Yi"]
[Black "Duda,J"]
[Result "0-1"]
[WhiteElo "2732"]
[BlackElo "2729"]

1.e4 c5 2.Nf3 d6 3.d4 cxd4 4.Nxd4 Nf6 5.Nc3 a6 6.Be3 e5 7.Nb3 Be6 8.f3 h5
9.Qd2 Nbd7 10.Nd5 Bxd5 11.exd5 g6 12.O-O-O Nb6 13.Kb1 Nbxd5 14.Bg5 Be7 15.c4 Nb6
16.Na5 Rb8 17.c5 dxc5 18.Qxd8+ Rxd8 19.Rxd8+ Kxd8 20.Nxb7+ Kc7 21.Nxc5 a5
22.Bb5 Nbd5 23.Na4 e4 24.Rc1+ Kd6 25.Nc5 Rb8 26.a4 exf3 27.gxf3 Ke5 28.h4 Ra8
29.Nd3+ Ke6 30.Rc6+ Kf5 31.Ne1 Ng8 32.Bd3+ Ke5 33.f4+ Kd4 34.Rc4+ Ke3 35.Re4+ Kf2
36.Re2+ Kg3 37.Rg2+ Kh3 38.Rg1 Ne3 39.Nf3 Rd8 40.Be2 f6 41.f5 fxg5 42.fxg6 g4
43.Ne5 Kh2 44.Rc1 Rd2 45.Bc4 Bf6 46.Bxg8 Bxe5 47.Rc5 Rxb2+ 48.Kc1 Bd4 49.Rxh5 g3
50.Rg5 g2  0-1

[Event "Shenzhen Evening Blitz"]
[Site "chess.com INT"]
[Date "2021.05.01"]
[Round "4.2"]
[White "Rapport,R"]
[Black "Wei Yi"]
[Result "1-0"]
[WhiteElo "2763"]
[BlackElo "2732"]

1.c4 g6 2.Nc3 c5 3.g4 Bg7 4.Bg2 Nh6 5.h3 f5 6.d3 Nc6 7.Bxh6 Bxh6 8.gxf5 d6
9.fxg6 hxg6 10.Be4 Bf5 11.Nf3 Qd7 12.Qa4 Bg7 13.Bxf5 Bxc3+ 14.bxc3 Qxf5 15.Rb1 O-O-O
16.h4 Qf4 17.Rg1 Rh6 18.Kd1 e5 19.Qc2 d5 20.Qb3 b6 21.cxd5 Na5 22.Qb5 Rxd5
23.Ke1 Kc7 24.Ng5 Qf6 25.Qe8 Rh8 26.Ne4 Qxh4 27.Qe6 Qd8 28.c4 Rd7 29.Qxe5+ Kc8
30.Nxc5 Rh5 31.Qe4 Rxc5 32.Qa8+ Kc7 33.Qxa7+ Nb7 34.Rxb6 Qc8 35.Rxb7+ Qxb7
36.Qxc5+ Kb8 37.Qb5  1-0

[Event "Shenzhen Evening Blitz"]
[Site "chess.com INT"]
[Date "2021.05.01"]
[Round "6.1"]
[White "Duda,J"]
[Black "Wei Yi"]
[Result "1-0"]
[WhiteElo "2729"]
[BlackElo "2732"]

1.d4 Nf6 2.c4 e6 3.Nf3 d5 4.Nc3 c6 5.e3 Nbd7 6.Qc2 Bd6 7.Bd3 O-O 8.O-O dxc4
9.Bxc4 b5 10.Be2 Bb7 11.e4 e5 12.dxe5 Nxe5 13.Nd4 Neg4 14.g3 Qb6 15.Nf5 Bc5
16.Bxg4 Nxg4 17.b4 Bxb4 18.Qb2 Bxc3 19.Qxc3 f6 20.Ba3 Ne5 21.Bc5 Qc7 22.Bxf8 Rxf8
23.Rfd1 c5 24.Nd6 a6 25.Nxb7 Qxb7 26.Qxc5 Qxe4 27.Qd5+ Qxd5 28.Rxd5 Rc8 29.Rd6 Rc2
30.Rxa6 Kf7 31.Ra3 b4 32.Rb3 Nc6 33.Kf1 g5 34.Re3 Kg6 35.Re2 Rc5 36.Rb1 h5
37.Kg2 Kf5 38.Rbb2 Nd4 39.Red2 Rc4 40.Rd3 g4 41.h4 Nf3 42.Rd1 Ne5 43.Rbd2 Nf3
44.Re2 Ne5 45.Rb1 Rd4 46.Reb2 Nc6 47.Kf1 Rc4 48.Ke1 Nd4 49.Kd2 Ke4 50.Rxb4 Rc2+
51.Ke1 Ke5 52.R4b2 Rc3 53.Kf1 Nf3 54.Ra1 Ra3 55.Re2+ Kf5 56.Re3 Ra4 57.a3 Ne5
58.Rc3 Nf3 59.Ke2 Ne5 60.Rb1 Re4+ 61.Re3 Rc4 62.Kd1 Rd4+ 63.Kc2 Nf3 64.Rd1 Rc4+
65.Kb3 Rc5 66.a4 Ne5 67.Rd4 Rc1 68.Rf4+ Ke6 69.Kb2 Rc5 70.Rc3 Rd5 71.Kb3 Nd3
72.Rc6+ Ke5 73.Rfxf6  1-0

[Event "ch-CHN 2021"]
[Site "Xinghua CHN"]
[Date "2021.05.07"]
[Round "1.4"]
[White "Xu,Yi"]
[Black "Wei Yi"]
[Result "1/2-1/2"]
[WhiteElo "2527"]
[BlackElo "2732"]

1.e4 c5 2.Nf3 d6 3.d4 cxd4 4.Nxd4 Nf6 5.Nc3 a6 6.Bg5 Nbd7 7.Qe2 h6 8.Bh4 g6
9.f4 e5 10.fxe5 dxe5 11.O-O-O Qc7 12.Nb3 b5 13.Rxd7 Nxd7 14.Nd5 Qb8 15.Bf6 Nxf6
16.Nxf6+ Ke7 17.Nd5+ Ke8 18.Nf6+ Kd8 19.Qd2+ Qd6 20.Qa5+ Qc7 21.Qd2+ Qd6
22.Qa5+ Qc7 23.Qd2+ Qd6  1/2-1/2

[Event "ch-CHN 2021"]
[Site "Xinghua CHN"]
[Date "2021.05.08"]
[Round "2.3"]
[White "Wei Yi"]
[Black "Xu,Yinglun"]
[Result "1/2-1/2"]
[WhiteElo "2732"]
[BlackElo "2554"]

1.e4 e6 2.d4 d5 3.Nc3 Nf6 4.e5 Nfd7 5.f4 c5 6.Nf3 Nc6 7.Be3 a6 8.Ne2 Qb6
9.Qc1 f6 10.c3 Be7 11.h4 O-O 12.h5 Qa5 13.h6 g6 14.a3 cxd4 15.Nexd4 Nxd4
16.Bxd4 fxe5 17.Nxe5 Nxe5 18.Bxe5 Qb6 19.c4 Bc5 20.Bd3 Bd4 21.c5 Bxc5 22.Bxg6 Bd4
23.Bd3 Bxe5 24.fxe5 Qf2+ 25.Kd1 Qxg2 26.Rh5 Kh8 27.Qc7 Bd7 28.Qxd7 Rf1+ 29.Bxf1 Qxf1+
30.Kd2 Qf4+  1/2-1/2

[Event "ch-CHN 2021"]
[Site "Xinghua CHN"]
[Date "2021.05.09"]
[Round "3.5"]
[White "Xu,Xiangyu"]
[Black "Wei Yi"]
[Result "1/2-1/2"]
[WhiteElo "2573"]
[BlackElo "2732"]

1.d4 d5 2.Nf3 Nf6 3.g3 Bf5 4.c4 e6 5.Nc3 h6 6.Bg2 c6 7.Qb3 Qb6 8.Nd2 Qxb3
9.Nxb3 Na6 10.cxd5 exd5 11.f3 O-O-O 12.Bd2 Bd6 13.Kf2 Rhe8 14.Rac1 Kb8 15.Rhe1 Bg6
16.a3 Nd7 17.Bf1 Nc7 18.e3 h5 19.h4 Bf5 20.Na2 Ne6 21.Nb4 Nb6 22.Nc5 Bxc5
23.dxc5 Na4 24.Bd3 Be4 25.Re2 a5 26.fxe4 Naxc5 27.exd5 axb4 28.Bb1 Rxd5 29.Bxb4 Red8
30.Kg2 Nd3 31.Bxd3 Rxd3 32.Rf1 R8d7 33.Rf5 g6 34.Rf6 Kc7 35.Ref2 Nd8 36.R2f3 Rd1  1/2-1/2

[Event "ch-CHN 2021"]
[Site "Xinghua CHN"]
[Date "2021.05.09"]
[Round "4.2"]
[White "Wei Yi"]
[Black "Liu,Yan"]
[Result "1/2-1/2"]
[WhiteElo "2732"]
[BlackElo "2524"]

1.Nf3 Nf6 2.d4 b6 3.g3 Bb7 4.c4 e6 5.Bg2 Bb4+ 6.Bd2 a5 7.O-O O-O 8.Bf4 Be7
9.Qc2 Be4 10.Qc1 Bb7 11.Qc2 Be4 12.Qc1 Bb7 13.Nc3 Ne4 14.d5 Nxc3 15.Qxc3 Bf6
16.Be5 Bxe5 17.Nxe5 Qc8 18.f4 d6 19.Nd3 Na6 20.e4 exd5 21.exd5 Qf5 22.g4 Qxg4
23.Rf3 Qg6 24.Rg3 Qh6 25.Rh3 Qf6 26.Be4 Qxc3 27.Bxh7+ Kh8 28.bxc3 Bc8 29.Rh5 g6
30.Bxg6+ Kg7 31.Be4 Bd7 32.Rg5+ Kf6 33.Bf3 Nc5 34.Nf2 Rg8 35.h4 Rh8 36.h5 Rag8
37.Rxg8 Rxg8+ 38.Kh2 Bf5 39.Rd1 Re8 40.Bg4 Ne4 41.Re1 Nxf2 42.Rxe8 Nxg4+
43.Kg3 Nh6 44.a3 Bd3 45.c5 dxc5 46.Rc8 Nf5+ 47.Kf2 Bc4 48.Rxc7 Bxd5 49.Rd7 Be4
50.Rd8 b5 51.Rc8 b4 52.cxb4 cxb4 53.axb4 axb4 54.Rc4 Bd5 55.Rxb4 Kg7 56.Rb8 Kh7
57.Rb6 Ng7 58.Rd6 Be6 59.Kf3 Nxh5 60.Ke4 Nf6+ 61.Ke5 Ng4+ 62.Ke4 f5+ 63.Kf3 Bf7
64.Kg3 Bg6 65.Re6 Kg7 66.Re7+ Bf7 67.Ra7 Nf6 68.Ra6 Ne4+ 69.Kf3 Nf6 70.Kg3 Bh5
71.Kh4 Bg4 72.Ra7+ Kg6 73.Ra6 Kg7 74.Ra7+ Kg6 75.Ra6  1/2-1/2

[Event "ch-CHN 2021"]
[Site "Xinghua CHN"]
[Date "2021.05.10"]
[Round "5.6"]
[White "Bai,Jinshi"]
[Black "Wei Yi"]
[Result "1/2-1/2"]
[WhiteElo "2618"]
[BlackElo "2732"]

1.d4 Nf6 2.c4 e6 3.Nc3 Bb4 4.Nf3 O-O 5.Bg5 c5 6.e3 cxd4 7.exd4 d5 8.Rc1 Be7
9.c5 b6 10.b4 a5 11.Bxf6 gxf6 12.Na4 axb4 13.Nxb6 Rxa2 14.Qb3 Ra5 15.Qxb4 Nc6
16.Qb2 e5 17.Bb5 Nxd4 18.Nxd4 exd4 19.Nxc8 Qxc8 20.O-O Qb8 21.Qe2 Qxb5 22.Qxe7 Qc6
23.Rfd1 Re8 24.Qd6 Qxd6 25.cxd6 Rd8 26.Rc6 Ra4 27.g3 Kg7 28.Kg2 Rc4 29.Rxc4 dxc4
30.Rxd4 c3 31.Rg4+ Kf8 32.Rc4 Kg7 33.Rg4+ Kf8 34.Rc4 Kg7  1/2-1/2

[Event "ch-CHN 2021"]
[Site "Xinghua CHN"]
[Date "2021.05.11"]
[Round "6.1"]
[White "Lu Shanglei"]
[Black "Wei Yi"]
[Result "1/2-1/2"]
[WhiteElo "2615"]
[BlackElo "2732"]

1.e4 e5 2.Nf3 Nc6 3.Bb5 a6 4.Ba4 Nf6 5.O-O b5 6.Bb3 Bc5 7.a4 Rb8 8.axb5 axb5
9.Nxe5 Nxe5 10.d4 Bxd4 11.Qxd4 d6 12.f4 Nc6 13.Qc3 Ne7 14.e5 Ne4 15.Qe1 Nc5
16.Ba2 Bf5 17.Be3 b4 18.Bxc5 dxc5 19.Qf2 Nc6 20.Qxc5 Qd4+ 21.Qxd4 Nxd4 22.Nd2 O-O
23.Bb3 Bxc2 24.Bxc2 Nxc2 25.Ra7 Rfd8 26.Nb3 Ne3 27.Rc1 Rd1+ 28.Rxd1 Nxd1
29.Rxc7 Nxb2 30.f5 Nd3 31.e6 fxe6 32.fxe6 Nf4 33.Nd4 h5 34.e7 Re8 35.Nf5 Nd5
36.Rd7 Nf6 37.Rb7 Nd5 38.Rb5 Nxe7 39.Nxe7+ Rxe7 40.Rxb4 Kh7 41.g4 hxg4 42.Rxg4 Re5
43.h4 g5 44.Rxg5 Rxg5+ 45.hxg5 Kg7 46.g6 Kxg6  1/2-1/2

[Event "ch-CHN 2021"]
[Site "Xinghua CHN"]
[Date "2021.05.12"]
[Round "7.6"]
[White "Wei Yi"]
[Black "Ju Wenjun"]
[Result "1-0"]
[WhiteElo "2732"]
[BlackElo "2560"]

1.d4 d5 2.c4 e6 3.Nc3 Nf6 4.cxd5 exd5 5.Bg5 c6 6.Qc2 Nbd7 7.e3 h6 8.Bh4 Be7
9.Bd3 O-O 10.Nge2 b5 11.O-O Nb6 12.a4 a6 13.Bg3 Bb7 14.axb5 cxb5 15.Nxb5 Rc8
16.Nbc3 Nc4 17.b3 Na5 18.Qb1 Bb4 19.Na2 Be7 20.Nac3 Bb4 21.Na2 Be7 22.Nec3 Re8
23.Bf5 Rc6 24.Na4 Ne4 25.Bxe4 dxe4 26.Nc5 Bxc5 27.dxc5 Rg6 28.Nc3 h5 29.Rd1 Qf6
30.Ne2 Nc6 31.Nf4 Rh6 32.Rd6 Qg5 33.h4 Qxc5 34.Rxh6 gxh6 35.Qd1 Rd8 36.Qxh5 Qxh5
37.Nxh5 f5 38.Rc1 Kh7 39.Rc5 Rf8 40.Bd6 Rf7 41.Ng3 Nb4 42.Rxf5 Rxf5 43.Nxf5 Nd3
44.h5 a5 45.Bc7 Bd5 46.Bxa5 Bxb3 47.Bc7 Bf7 48.Ng3 Bd5 49.Bd6 Bc6 50.Bb8 Bd5
51.Bc7 Bc6 52.Bb6 Bd5 53.Bd4 Bc6 54.Nf5 Bd7 55.Nd6 Bc6 56.g4 Kg8 57.Nf5 Kh7
58.Kg2 Bd7 59.Kg3 Bc6 60.Bg7 Bd7 61.Bf8  1-0

[Event "ch-CHN 2021"]
[Site "Xinghua CHN"]
[Date "2021.05.12"]
[Round "8.2"]
[White "Li,Di"]
[Black "Wei Yi"]
[Result "0-1"]
[WhiteElo "2561"]
[BlackElo "2732"]

1.d4 Nf6 2.c4 e6 3.Nc3 d5 4.Nf3 c6 5.Qb3 dxc4 6.Qxc4 b5 7.Qd3 a6 8.e4 c5
9.dxc5 Qxd3 10.Bxd3 Bxc5 11.e5 Nd5 12.Nxd5 exd5 13.Ke2 Nc6 14.Be3 Bxe3 15.Kxe3 O-O
16.Rac1 Bb7 17.Rc5 Rae8 18.Rhc1 Nd8 19.Nd4 Rxe5+ 20.Kd2 Rh5 21.h3 Rh4 22.Nf5 Rf4
23.f3 Ne6 24.R5c2 Rd8 25.Ng3 g6 26.Ne2 Rh4 27.b3 Kg7 28.Rf1 f5 29.Re1 Kf6
30.a3 Rd7 31.b4 Rh5 32.Rec1 f4 33.a4 bxa4 34.Ra2 Rg5 35.Rg1 Bc6 36.Bxa6 d4
37.h4 Re5 38.Nc1 Nc7 39.Bc4 Rde7 40.Rd1 Re3 41.Nd3 Bb5  0-1

[Event "ch-CHN 2021"]
[Site "Xinghua CHN"]
[Date "2021.05.13"]
[Round "9.5"]
[White "Wei Yi"]
[Black "Zhao Jun"]
[Result "1-0"]
[WhiteElo "2732"]
[BlackElo "2638"]

1.Nf3 Nf6 2.c4 c6 3.Nc3 d5 4.e3 e6 5.b3 Nbd7 6.Qc2 b6 7.Bb2 Bb7 8.Be2 Bd6
9.g4 h6 10.Rg1 Ne5 11.Nxe5 Bxe5 12.f4 Bxc3 13.Qxc3 Ne4 14.Qxg7 Qh4+ 15.Kd1 O-O-O
16.Qxf7 Rhe8 17.Rg2 d4 18.exd4 c5 19.d5 exd5 20.Be5 Rxe5 21.fxe5 dxc4 22.Bf3 Rd4
23.e6 Qg5 24.Bxe4 Rxe4 25.Qd7+ Kb8 26.Qd6+ Kc8 27.Rf2 Qxg4+ 28.Kc2 cxb3+
29.axb3 Rc4+ 30.Kb2 Qg7+ 31.d4  1-0

[Event "ch-CHN 2021"]
[Site "Xinghua CHN"]
[Date "2021.05.14"]
[Round "10.3"]
[White "Yu Yangyi"]
[Black "Wei Yi"]
[Result "1-0"]
[WhiteElo "2709"]
[BlackElo "2732"]

1.c4 e6 2.Nc3 Nf6 3.e4 d5 4.e5 d4 5.exf6 dxc3 6.fxg7 cxd2+ 7.Bxd2 Bxg7 8.Nf3 Nc6
9.Qc2 Qf6 10.O-O-O Bd7 11.Bg5 Bh6 12.h4 O-O-O 13.Qd2 Bxg5 14.hxg5 Qe7 15.Qe3 e5
16.Bd3 Bg4 17.Be4 Qb4 18.Kb1 Rxd1+ 19.Rxd1 Qxc4 20.Rc1 Qa6 21.Bxc6 bxc6 22.Nxe5 Be6
23.b3 Bd5 24.Qf4 Re8 25.f3 Kb7 26.Nd7 Qd3+ 27.Rc2 Qb5 28.Nc5+ Kb8 29.a4 Re1+
30.Kb2 Qf1 31.Qf6 Re8 32.Qc3 Ka8 33.Qd2 Qe1 34.Qxe1 Rxe1 35.a5 Kb8 36.Kc3 Kc8
37.Kd3 Kd8 38.Re2 Rd1+ 39.Kc3 Rc1+ 40.Kd4 Ra1 41.a6 Rd1+ 42.Ke5 Ke7 43.Kf5+ Be6+
44.Nxe6 Rd5+ 45.Kg4 fxe6 46.g3 Kf7 47.f4 Ra5 48.Rh2 Kg7 49.Rh6  1-0

[Event "ch-CHN 2021"]
[Site "Xinghua CHN"]
[Date "2021.05.15"]
[Round "11.4"]
[White "Wei Yi"]
[Black "Xu,Zhihang"]
[Result "1-0"]
[WhiteElo "2732"]
[BlackElo "2506"]

1.Nf3 d5 2.c4 d4 3.b4 Bg4 4.g3 Bxf3 5.exf3 e5 6.a3 a5 7.b5 Nd7 8.d3 Nc5 9.a4 Nf6
10.Bg2 Bd6 11.O-O O-O 12.Qc2 Nfd7 13.Nd2 f5 14.Bb2 Qf6 15.Rae1 Qg6 16.f4 exf4
17.Bxd4 fxg3 18.fxg3 f4 19.gxf4 Qxd3 20.Qxd3 Nxd3 21.Bxb7 Rab8 22.Bd5+ Kh8
23.Re3 Nxf4 24.Bc6 Nc5 25.Ne4 Nxe4 26.Rxe4 Nd3 27.Rd1 Nc5 28.Rg4 Rf7 29.Re1 Bf8
30.Bd5 Rd7 31.Bc6 Rf7 32.Re5 Nxa4 33.Rh5 Be7 34.Be4 Rd8 35.Rxh7+ Kg8 36.Bxg7 Rd1+
37.Kg2 Rd2+ 38.Kh3  1-0

[Event "Online Olym Top DivA 2021"]
[Site "chess.com INT"]
[Date "2021.09.08"]
[Round "1.4"]
[White "Kuybokarov,Temur"]
[Black "Wei Yi"]
[Result "1/2-1/2"]
[WhiteElo "2549"]
[BlackElo "2725"]

1.e4 c5 2.Nf3 d6 3.d4 cxd4 4.Nxd4 Nf6 5.Nc3 a6 6.Bg5 Nbd7 7.Bc4 Qb6 8.Bb3 e6
9.a4 Qa5 10.Qd2 h6 11.Bxf6 Nxf6 12.f4 Nd7 13.f5 Nc5 14.O-O-O Bd7 15.Kb1 O-O-O
16.Rhf1 Kb8 17.fxe6 fxe6 18.Qe3 Be7 19.Qg3 Bf6 20.Qxd6+ Qc7 21.Qxc7+ Kxc7
22.a5 Bc8 23.Nde2 b5 24.axb6+ Kxb6 25.Na4+ Nxa4 26.Bxa4 Bb7 27.Nf4 Rxd1+
28.Rxd1 Rd8 29.Rxd8 Bxd8 30.Nxe6 Bf6 31.Nf4 Bxe4 32.g3 g5 33.Nd3 Bd4 34.Kc1 Bg1
35.h4 gxh4 36.gxh4 Bxd3 37.cxd3 h5 38.Bd1 Bf2 39.Kc2 Bxh4 40.Bxh5 Kc5 41.Bf7 Bf6
42.Bc4 a5 43.Kb3 a4+ 44.Kxa4 Bxb2 45.Kb3 Ba1 46.Ka2 Bc3 47.Kb3 Ba1 48.Ka2 Bc3
49.Kb3 Ba1  1/2-1/2

[Event "Online Olym Top DivA 2021"]
[Site "chess.com INT"]
[Date "2021.09.08"]
[Round "3.5"]
[White "Wei Yi"]
[Black "Priasmoro,Novendra"]
[Result "0-1"]
[WhiteElo "2725"]
[BlackElo "2502"]

1.e4 c5 2.Nf3 Nc6 3.d4 cxd4 4.Nxd4 g6 5.c4 Bg7 6.Be3 Nf6 7.Nc3 d6 8.Be2 O-O
9.O-O Bd7 10.Re1 Nxd4 11.Bxd4 Bc6 12.Qc2 Nd7 13.Bxg7 Kxg7 14.b4 b6 15.Rad1 a5
16.a3 Qc7 17.Bf1 Ra7 18.Qb2 Kg8 19.b5 Ba8 20.Nd5 Bxd5 21.exd5 Ne5 22.Qd4 Qc5
23.Qxc5 bxc5 24.f4 Ng4 25.h3 Nf6 26.g4 Re8 27.Kf2 h6 28.Kf3 g5 29.h4 Nd7
30.hxg5 hxg5 31.Bd3 gxf4 32.Kxf4 Kg7 33.Rh1 Rh8 34.Rxh8 Kxh8 35.Re1 Ne5 36.Re3 Rb7
37.g5 Kg7 38.Rh3 Rb8 39.Be2 Nd7 40.Kf5 Re8 41.Rh6 Ne5 42.Ke4 Rb8 43.Ke3 f6
44.Rh5 Kg6 45.Kf4 Rf8 46.Rh6+ Kg7 47.Rh2 f5 48.Rh6 Ng6+ 49.Kf3 f4 50.Kf2 f3
51.Bf1 Ne5 52.Re6 Re8 53.Kg3 Kf7  0-1

[Event "Online Olym Top DivA 2021"]
[Site "chess.com INT"]
[Date "2021.09.09"]
[Round "4.1"]
[White "Wei Yi"]
[Black "Khusnutdinov,R"]
[Result "1-0"]
[WhiteElo "2725"]
[BlackElo "2484"]

1.d4 d5 2.Nf3 e6 3.c4 a6 4.cxd5 exd5 5.Nc3 h6 6.Bf4 Nf6 7.e3 Bd6 8.Be5 c6
9.Bd3 O-O 10.Qc2 Re8 11.O-O-O Be6 12.Kb1 c5 13.Bxf6 Qxf6 14.dxc5 Bxc5 15.Nxd5 Bxd5
16.Bh7+ Kh8 17.Rxd5 Bf8 18.Rf5 Qe6 19.Ne5 Kxh7 20.Rf6+ Kg8 21.Rxe6 Rxe6 22.Qc8 Rxe5
23.Qxb7  1-0

[Event "Online Olym Top DivA 2021"]
[Site "chess.com INT"]
[Date "2021.09.09"]
[Round "6.2"]
[White "Wei Yi"]
[Black "Idani,P"]
[Result "1/2-1/2"]
[WhiteElo "2725"]
[BlackElo "2627"]

1.d4 Nf6 2.c4 e6 3.Nf3 d5 4.g3 dxc4 5.Bg2 c6 6.Ne5 Bb4+ 7.Bd2 Be7 8.Bf4 Nd5
9.O-O O-O 10.Nxc4 Nxf4 11.gxf4 Qc7 12.e3 c5 13.dxc5 Qxc5 14.Nbd2 Nd7 15.Rc1 Nf6
16.Ne5 Qb4 17.Ndc4 Rd8 18.Qc2 Bd7 19.a3 Qb5 20.Nxd7 Nxd7 21.Rfd1 Rac8 22.Bf1 Qh5
23.Qe2 Qxe2 24.Bxe2 b6 25.Rc2 Nb8 26.Rdc1 g6 27.Ne5 Rxc2 28.Rxc2 Bd6 29.b4 Kf8
30.Kg2 f6 31.Nf3 Ke7 32.Bb5 a6 33.Be2 Rd7 34.h4 Rc7 35.Rxc7+ Bxc7 36.Bd3 Bd6
37.h5 gxh5 38.Bxh7 a5 39.bxa5 bxa5 40.a4 f5 41.Bg6 Nd7 42.Bxh5 Nc5 43.Nd4 Bc7
44.Bd1 Ne4 45.Bb3 Nc5 46.Bc2 Bb6 47.Kf3 Kd6 48.Nb3 Nxa4 49.Nxa5 Bxa5 50.Bxa4 Bb6
51.Bb3  1/2-1/2

[Event "Online Olym Top DivA 2021"]
[Site "chess.com INT"]
[Date "2021.09.10"]
[Round "7.4"]
[White "Wei Yi"]
[Black "Mchedlishvili,M"]
[Result "1/2-1/2"]
[WhiteElo "2725"]
[BlackElo "2571"]

1.d4 d5 2.c4 c6 3.e3 Nf6 4.Nc3 e6 5.Nf3 Nbd7 6.Qc2 Bd6 7.Be2 O-O 8.O-O dxc4
9.Bxc4 b5 10.Be2 Bb7 11.e4 e5 12.dxe5 Nxe5 13.Nd4 Neg4 14.g3 Bxg3 15.hxg3 Qxd4
16.Qd1 Qxd1 17.Rxd1 h5 18.f3 Ne5 19.Be3 Rfe8 20.Rd6 a5 21.a3 b4 22.Na4 Ba6
23.Bxa6 Rxa6 24.Nc5 Raa8 25.Kf2 Nc4 26.Rd4 Nxe3 27.Kxe3 bxa3 28.Rxa3 Rab8
29.Nd3 Rb5 30.Rda4 Nd5+ 31.Ke2 f5 32.Rc4 fxe4 33.fxe4 Nb6 34.Rxc6 Rxe4+ 35.Kf3 Rc4
36.Rxc4 Nxc4 37.Ra4 Rb3 38.Rxc4 Rxd3+ 39.Kf4 Rb3 40.Rc5 a4 41.Ra5 Rxb2 42.Rxa4 Kh7
43.Kg5 Rb5+ 44.Kh4 Kh6 45.Ra6+ g6 46.Kh3 Re5 47.Rb6 Kg7 48.Ra6 g5 49.Rb6 Re1
50.Ra6 Rf1 51.Rb6 Rf6 52.Rb8 Re6 53.Ra8 Kg6 54.Rg8+ Kf5 55.Rh8 Re1 56.Rf8+ Kg6
57.Rg8+ Kf6 58.Rf8+ Kg7 59.Ra8  1/2-1/2

[Event "China HangZhou GM Match"]
[Site "Hangzhou CHN"]
[Date "2022.04.05"]
[Round "1.1"]
[White "Wei Yi"]
[Black "Ding Liren"]
[Result "1/2-1/2"]
[WhiteElo "2729"]
[BlackElo "2799"]

1.d4 Nf6 2.c4 e6 3.Nf3 d5 4.Nc3 c6 5.e3 Nbd7 6.Qc2 Bd6 7.Be2 O-O 8.O-O dxc4
9.Bxc4 a6 10.a4 c5 11.dxc5 Bxc5 12.Ne4 Nxe4 13.Qxe4 Nf6 14.Qh4 Qe7 15.e4 e5
16.Bg5 h6 17.Bxf6 Qxf6 18.Qxf6 gxf6 19.Rfc1 b6 20.a5 Rb8 21.axb6 Rxb6 22.Bd5 Bd4
23.Nxd4 exd4 24.Rc4 Bb7 25.Rxd4 Bxd5 26.Rxd5 Rxb2 27.h4 Rb6 28.Kh2 Re8 29.f3 Rc8
30.Ra2 Kg7 31.Kg3 Rc4 32.Rd7 Rcb4 33.Ra7 Rb2 34.Ra3 R2b3 35.Ra2 Rb2 36.Ra3 R2b3
37.Ra2  1/2-1/2

[Event "China HangZhou GM Match"]
[Site "Hangzhou CHN"]
[Date "2022.04.06"]
[Round "2.1"]
[White "Ding Liren"]
[Black "Wei Yi"]
[Result "1/2-1/2"]
[WhiteElo "2799"]
[BlackElo "2729"]

1.d4 Nf6 2.c4 e6 3.g3 d5 4.Bg2 Be7 5.Nf3 O-O 6.O-O dxc4 7.Qc2 a6 8.a4 Bd7
9.Qxc4 Bc6 10.Bf4 Bd6 11.Qc1 a5 12.Bd2 Nbd7 13.Nc3 Ne4 14.Rd1 Ndf6 15.Qc2 Nxd2
16.Nxd2 Bxg2 17.Kxg2 Bb4 18.Nc4 c5 19.dxc5 Qc7 20.Ne4 Nxe4 21.Qxe4 Bxc5 22.Rd3 Rad8
23.Rad1 Rxd3 24.Rxd3 b6 25.b3 g6 26.Qf4 Qb7+ 27.Qf3 Qc7 28.Qf6 b5 29.axb5 Qb7+
30.Qf3 Qxb5 31.Ne5 Bd4 32.Nc6 Bg7 33.Qe4 Qb7 34.f3 Qc7 35.Rd2 Qb6 36.Qa4 Qe3
37.Ra2 h5 38.Qc4 Kh7 39.Rxa5 Bc3 40.Ra2 Be1 41.Qd4  1/2-1/2

[Event "China HangZhou GM Match"]
[Site "Hangzhou CHN"]
[Date "2022.04.07"]
[Round "3.1"]
[White "Wei Yi"]
[Black "Ding Liren"]
[Result "1/2-1/2"]
[WhiteElo "2729"]
[BlackElo "2799"]

1.d4 Nf6 2.c4 e6 3.Nf3 d5 4.Nc3 Nbd7 5.Bg5 h6 6.Bh4 Be7 7.e3 O-O 8.Qc2 c5
9.cxd5 cxd4 10.Nxd4 Nxd5 11.Bxe7 Nxe7 12.Be2 Nf6 13.O-O Bd7 14.Rac1 Qb6 15.Qb3 Qxb3
16.Nxb3 Rac8 17.Nb5 Bxb5 18.Bxb5 Rfd8 19.Rxc8 Rxc8 20.Rc1 Rxc1+ 21.Nxc1 Ne4
22.Kf1 Nd6 23.Be2 Kf8 24.Nd3 Ke8 25.Ke1 Kd7 26.Kd2 b6 27.Bf3 f6 28.g3 e5
29.Bd1 Ne4+ 30.Ke2 Kd6 31.g4 f5 32.gxf5 Nf6 33.f4 exf4 34.exf4 Nxf5 35.Ne5 Nd4+
36.Kd3 Ne6 37.Ng6 Nd5 38.Ke4 Nc5+ 39.Kd4 Ne6+ 40.Ke4 Nc5+ 41.Kd4 Ne6+  1/2-1/2

[Event "China HangZhou GM Match"]
[Site "Hangzhou CHN"]
[Date "2022.04.08"]
[Round "4.1"]
[White "Ding Liren"]
[Black "Wei Yi"]
[Result "1/2-1/2"]
[WhiteElo "2799"]
[BlackElo "2729"]

1.c4 Nf6 2.g3 e6 3.Bg2 d5 4.d4 Be7 5.Nf3 O-O 6.O-O dxc4 7.Qc2 a6 8.a4 Bd7
9.Qxc4 Bc6 10.Bg5 Nbd7 11.Nc3 h6 12.Bxf6 Nxf6 13.a5 Bd6 14.Rfe1 Bd5 15.Qa4 Bxf3
16.Bxf3 c6 17.Nd1 e5 18.dxe5 Bxe5 19.Qb3 Qc7 20.Ne3 Rad8 21.Red1 Bd4 22.Nc4 Bc5
23.Kg2 Rfe8 24.e3 g6 25.h4 h5 26.Rac1 Qe7 27.Rc3 Rxd1 28.Qxd1 Rd8 29.Rd3 Rxd3
30.Qxd3 Ne8  1/2-1/2

[Event "China HangZhou GM Match"]
[Site "Hangzhou CHN"]
[Date "2022.04.09"]
[Round "5.1"]
[White "Wei Yi"]
[Black "Ding Liren"]
[Result "1/2-1/2"]
[WhiteElo "2729"]
[BlackElo "2799"]

1.d4 Nf6 2.c4 e6 3.Nf3 b6 4.g3 Ba6 5.b3 Bb4+ 6.Bd2 Be7 7.Nc3 d5 8.cxd5 exd5
9.Bg2 O-O 10.O-O Re8 11.Rc1 Nbd7 12.Bf4 c6 13.Rc2 h6 14.Qc1 Bb4 15.a3 Bxc3
16.Rxc3 Bxe2 17.Re1 Bxf3 18.Rxe8+ Qxe8 19.Bxf3 c5 20.dxc5 Nxc5 21.b4 Ne6
22.Kg2 Rd8 23.Bc7 Rc8 24.Be5 Rxc3 25.Qxc3 Ne4 26.Qd3 Qc6 27.Bd1 d4 28.f3 Nc3
29.Bb3 Nd5 30.Kf2 Qd7 31.Qe4 Nf6 32.Qd3 Nd5 33.Qe4 Nf6 34.Qd3  1/2-1/2

[Event "China HangZhou GM Match"]
[Site "Hangzhou CHN"]
[Date "2022.04.10"]
[Round "6.1"]
[White "Ding Liren"]
[Black "Wei Yi"]
[Result "1-0"]
[WhiteElo "2799"]
[BlackElo "2729"]

1.d4 Nf6 2.c4 e6 3.g3 d5 4.Bg2 Be7 5.Nf3 O-O 6.O-O dxc4 7.Qc2 a6 8.a4 Bd7
9.Qxc4 Bc6 10.Bg5 Nbd7 11.Rd1 a5 12.Nbd2 h6 13.Bxf6 Nxf6 14.Rac1 Qe8 15.b3 Rc8
16.Ne5 Bxg2 17.Kxg2 c5 18.Ndf3 Bd6 19.h4 cxd4 20.Qxd4 Rxc1 21.Rxc1 Qb8 22.Rc4 Rd8
23.e4 Ne8 24.h5 Nf6 25.Qb6 Nxh5 26.Qxa5 Nf6 27.Nxf7 Kxf7 28.e5 Nd5 29.exd6 Qxd6
30.Qe1 Kg8 31.Qe4 Re8 32.b4 Nb6 33.Rd4 Nd5 34.Ne5 Rf8 35.a5 Rf5 36.Nd3 Qe7
37.Nc5 Kf7 38.Rd2 b6 39.Nd3 Qb7 40.Re2 Rf6 41.axb6 Qa8  1-0